Vocabulari de fusteria per a Formació Professional / Comissió per a la confecció d'un vocabulari de tècnica professional ; coordinador per a la branca de fusteria: Francesc Magarolas i Orteu ; professors col·laboradors I.R.N. Compte de Rius: Josep Gual, Núria Caminal, Marina Carraza... [et al.] Francesc Magarolas i Orteu ; professors col·laboradors I.R.N. Compte de Rius:
MARC
| LEADER | 00000nam a2200000Ia 4500 | ||
|---|---|---|---|
| 001 | 1139 | ||
| 008 | 160829s1982 xx 000 0 cat d | ||
| 080 | |a C-2-139 | ||
| 245 | |a Vocabulari de fusteria per a Formació Professional / Comissió per a la confecció d'un vocabulari de tècnica professional ; coordinador per a la branca de fusteria: |b Francesc Magarolas i Orteu ; professors col·laboradors I.R.N. Compte de Rius: |b Josep Gual, Núria Caminal, Marina Carraza... [et al.] | ||
| 260 | |a Barcelona : |b Generalitat de Catalunya. Departament d'Ensenyament, |c 1982 | ||
| 300 | |a 58 p. : |b il. ; |c 30 cm | ||
| 650 | |a Fusteria |x Terminologia |9 33267 | ||
| 650 | |a Català tècnic |9 31554 | ||
| 700 | 1 | |a Magarolas i Orteu, Francesc |9 33268 | |
| 700 | |a Gual, Josep |9 33269 | ||
| 710 | |a Catalunya. |b Departament d'Ensenyament |9 52899 | ||
| 901 | |a Arxiu | ||
| 942 | |n 1 | ||
| 952 | |0 0 |1 0 |4 0 |6 C2139 |7 1 |9 46252 |a Arxiu |b Arxiu |d 2016-12-01 |l 0 |o C-2-139 |p 1139 |r 2016-12-01 00:00:00 |w 2016-12-01 |y ARXIU | ||
| 999 | |c 49754 |d 49754 | ||